000 00963cam a2200241 a 4500
001 000013576
005 20250527113225.0
008 830823s1983 sp a 000 0 spa
040 _aDO-SdBNP
_bspa
_cLC
_dBNPHU
082 _a658.4
_bT192i, 1983
100 1 _aTarrago Sabate, Francisco.
_930953
245 1 0 _aIniciación a la economía de la empresa /
_cFrancisco Tarrago Sabate ; prólogo Emilio Soldevilla García.
250 _a6a ed.
260 _aBarcelona :
_bHispano Europea,
_c1983.
300 _a264 p. :
_bil. ;
_c21 cm.
490 1 _aBiblioteca de Dirección, Organización y Administración de Empresas
_pTécnicas de Dirección
650 0 _aAdministración industrial
_95872
650 4 _aEconomía gerencial
_98305
700 1 _aSoldevilla García, Emilio,
_epról.
_930954
830 0 _aBiblioteca de Dirección, Organización y Administración de Empresas
_pTécnicas de Dirección
_930955
910 _aCatalogación derivada
049 _aBNGR
999 _c13196
_d13196